The English heritage directory of building limes : manufacturers and suppliers of building limes in the United Kingdom and the Republic of Ireland. (Record no. 92348)

MARC details
000 -LEADER
fixed length control field 00704cam a2200229 4500
008 - FIXED-LENGTH DATA ELEMENTS--GENERAL INFORMATION
fixed length control field 090401t1997 xxu||||| |||| 00| 0 eng d
020 ## - INTERNATIONAL STANDARD BOOK NUMBER
International Standard Book Number 1873394217
035 ## - SYSTEM CONTROL NUMBER
System control number (Sirsi) u48495
041 ## - LANGUAGE CODE
Language code of text/sound track or separate title eng
050 ## - LIBRARY OF CONGRESS CALL NUMBER
Classification number 690.241
110 ## - MAIN ENTRY--CORPORATE NAME
Corporate name or jurisdiction name as entry element English Heritage
9 (RLIN) 2714
245 #4 - TITLE STATEMENT
Title The English heritage directory of building limes : manufacturers and suppliers of building limes in the United Kingdom and the Republic of Ireland.
260 ## - PUBLICATION, DISTRIBUTION, ETC.
Place of publication, distribution, etc. Donhead St. Mary, Dorset
Name of publisher, distributor, etc. Donhead Publishing Ltd.
Date of publication, distribution, etc. 1997
300 ## - PHYSICAL DESCRIPTION
Extent 60p. ; 25cm.
350 ## - PRICE (NR) (BK AM CF MU VM SE) [OBSOLETE]
Price 12.95
650 ## - SUBJECT ADDED ENTRY--TOPICAL TERM
Topical term or geographic name entry element BUILDING LIMES
650 ## - SUBJECT ADDED ENTRY--TOPICAL TERM
Topical term or geographic name entry element DIRECTORIES
650 ## - SUBJECT ADDED ENTRY--TOPICAL TERM
Topical term or geographic name entry element HISTORIC BUILDINGS
690 ## - LOCAL SUBJECT ADDED ENTRY--TOPICAL TERM (OCLC, RLIN)
Topical term or geographic name as entry element CONSERVATION
942 ## - ADDED ENTRY ELEMENTS (KOHA)
Suppress in OPAC 0
948 ## - LOCAL PROCESSING INFORMATION (OCLC); SERIES PART DESIGNATOR (RLIN)
c (OCLC) 04/03/1997
Holdings
Withdrawn status Lost status Source of classification or shelving scheme Damaged status Not for loan Home library Current library Shelving location Date acquired Cost, normal purchase price Total Checkouts Full call number Barcode Date last seen Date last checked out Copy number Cost, replacement price Price effective from Koha item type
    Dewey Decimal Classification     London London Books 18/02/1997 12.00 3 690.241 30052118 06/08/2019 13/12/2006 1 12.00 06/08/2019 Book